000 02582cam a22002894a 4500
001 12475212
003 OSt
005 20221011115901.0
008 010518s2001 sz a bf i000 0 eng d
020 _a0967801400
040 _cLC
042 _apcc
043 _af------
050 0 0 _aQR414.6.H58.H91
245 0 2 _aHIV vaccine handbook. /
_c[edited by] Bill Snow
260 _aWashington:
_bAIDS Vaccine Advocacy Coalition,
_c1999.
300 _axix, 289 p. :
_bill. ;
_c30 cm.
440 0 _aUNAIDS best practice collection.
_pKey material
_9614
504 _aIncludes bibliographical references [p. 255 - 256)] and index.
505 0 _aContents: Background: Timeline -- Why we need AIDS vaccine activism -- Working with communities: 1991 -- Vaccine vs. cure: an HIV-positive perspective -- Experimental science -- Participant issues: A discussion of community concerns -- Consenting adults -- The phases of clinical trials -- Efficacy trials -- Working with communities: 1992 -- Vaccine preparedness studies -- Vaccine scientists -- Is it safe? -- Government regulation of vaccine trials -- HIV vaccines and human rights -- Social, ethical and political considerations, AIDS action foundation working group -- Social harms: NIAID's approach, division, division of AIDS, NIAID -- Securing participant rights in the United States -- Participant's bill of rights, HIVNET National Community Advisory Board -- Post-exposure prophylaxis and vaccine trial participation -- Vaccine trial participation -- Vaccine trials and black Americans -- Women and other socially or economically vulnerable groups -- Ethics of international trials: UNAIDS consultation -- Advocacy: How long it takes -- Plenary address: vaccine advocates forum -- Community advisory boards -- Stages of development -- The HIV vaccine pipeline -- Private-sector AIDS vaccine research in disorder, AVAC -- Report finds Clinton's 10-year goal in jeopardy, AVAC -- Approaches: Vaccine basics -- Human immunodeficiency virus (HIV-1) -- Vaccine approaches currently in development -- Monkey trials: animal studies for AIDS vaccines -- VaxGen: pushing the envelope -- National institutes of health: ALVAC prime and boost -- The alphabeticals: non-profits that support AIDS vaccines -- Attenuated HIV: Mad doctors an dmedia -- Vancouver debates --
650 0 _aAIDS vaccines
_9615
650 0 _aAIDS (Disease)
_9616
700 1 _aSnow, Bill.
_9617
906 _a7
_bcbc
_ccopycat
_d2
_encip
_f20
_gy-gencatlg
942 _2lcc
_cBK
999 _c9277
_d16777